My first number book
| Main Author: | |
|---|---|
| Format: | Book |
| Published: |
London :
Dorling Kindersley ,
1992
|
| Series: | My first
|
| Subjects: |
MARC
| LEADER | 00000cam a2200000 7i4500 | ||
|---|---|---|---|
| 001 | 0000000929 | ||
| 002 | 000001036 | ||
| 005 | 20051006.0 | ||
| 020 | |a 0863187862 | ||
| 090 | 0 | 0 | |a 513 |b HEI |
| 100 | 1 | |a Heinst, Marie | |
| 245 | 1 | 3 | |a My first number book |c Marie Heinst |
| 260 | |a London : |b Dorling Kindersley , |c 1992 | ||
| 300 | |a 48 p. ; |c 33 cm. | ||
| 490 | 0 | |a My first | |
| 650 | 0 | 0 | |a Counting |x Juvenile literature |
| 740 | 0 | |a Number book | |
| 999 | |a 029664 |b BUKU |c JUNIOR BOOKS |e PERPUSTAKAAN KOMUNITI CAW KOTA DAMANSARA | ||